Statistics for England Test Wicket Takers

Click here to take the quiz!

General Stats

  • This quiz has been taken 12 times
  • The average score is 15 of 30

Answer Stats

No.Years ActiveWicketsName% Correct
41971-1984325Bob Willis
91%
72008-2013255Graeme Swann
91%
31977-1992383Ian Botham
91%
12003-540James Anderson
91%
22007-417Stuart Broad
91%
121994-2003229Darren Gough
82%
141998-2009219Andrew Flintoff
73%
51952-1965307Fred Trueman
73%
302014-133Moeen Ali
73%
111993-2003234Andy Caddick
64%
61966-1982297Derek Underwood
64%
92000-2008248Matthew Hoggard
64%
132002-2009222Steve Harmison
64%
261998-2006143Ashley Giles
55%
81951-1965252Brian Statham
55%
161948-1959193Jim Laker
55%
221955-1975153Fred Titmus
45%
231978-1995147John Emburey
45%
151965-1976202Jon Snow
45%
202006-2013167Monty Panesar
45%
101946-1955236Alec Bedser
36%
251972-1981143Chris Old
36%
291979-1989138Graham Dilley
36%
271972-1977141Tony Greig
36%
241931-1939144Hedley Verity
18%
191952-1968174Tony Lock
18%
181989-1998177Angus Fraser
9%
211924-1935155Maurice Tate
0%
281986-1995140Phil DeFraitus
0%
171901-1914189Sydney Barnes
0%

Score Distribution

Percentile by Number Answered

Percent of People with Each Score

Your Score History

You have not taken this quiz